00425nam a22001577a 4500003000900000005001700009008004100026040003300067041000800100080001200108100002100120245004900141260003600190300002900226650001200255LK-CoDNM20250129120504.0250129b |||||||| |||| 00| 0 eng d aLK-CoDNMdLK-CoDNMeLK-CoDNM aeng a13bN17 aBorradaile, L.A. aA Manual of Elementary Zoology - iii edition aLondonbOxford universityc1920 axvi, 616p. : ill ; 19 cm aScience